zpět

Detail výsledku týmu

Pivovar Prokopák, Praha

Datum a čas kvízu

30.5 Celkem bodů Celkový počet nahraných bodů na tomto kvízu bez doplňovacích otázek.
12. Pořadí na kvízu Konečné umístění týmu na tomto kvízu.

Zaznamenané odpovědi

# Otázka Odpověď Body Výsledky
1. V Praze minulý týden začala st... Pankrác 1
2. Aktuálně nejstarším žijícím ps... C 0
3. Společnost Mattel vydala u pří... královna Alžběta II. 1
4. Jedna z českých nápojářských z... Kofola 1
5. Která bývalá úspěšná sportovky... Maria Šarapovová 0
6. Tímto tématem navazujeme v naš... B 1
7. Na lícní straně dvacetikoruny... zahynout nám i budoucím 1
8. Dvacet deka lásky je knihou po... Monyová 0
9. Nyní se podíváme do periodické... vápník 0
10. V roce 1920 se v Berlíně narod... Helmut Newton 0